Todavía
Na minha lista:
| Autor principal: | |
|---|---|
| Formato: | Livro |
| Idioma: | espanhol |
| Publicado em: |
Santiago
Andrés Bello
1989
|
| Edição: | 1a. ed |
| Colecção: | Club de lectores Andrés Bello
|
| Assuntos: | |
| Tags: |
Adicionar Tag
Sem tags, seja o primeiro a adicionar uma tag!
|
MARC
| LEADER | 00000nam a2200000 a 4500 | ||
|---|---|---|---|
| 001 | UCH6008 | ||
| 003 | CL-VaPUC | ||
| 008 | 091109e19890000CL |||||||||||||||||spa|d | ||
| 082 | 0 | 4 | |a Ch863 |b LEO |2 21 |
| 100 | |a León Alvarado, Carlos |e autor |9 318848 | ||
| 245 | 1 | 0 | |a Todavía |
| 246 | 1 | 0 | |a Sobrino unico |
| 246 | 1 | 4 | |a Las viejas amistades |
| 246 | 1 | 0 | |a Sueldo vital |
| 250 | |a 1a. ed | ||
| 300 | |a 265 p | ||
| 942 | |c BK | ||
| 945 | |d 20091109 00:00:00 |a lazolas | ||
| 260 | |a Santiago |b Andrés Bello |c 1989 | ||
| 650 | 0 | |a Cuentos chilenos |9 308280 | |
| 583 | |a last modification |c 20091109 00:00:00 |k Rodrigo Vera | ||
| 490 | 0 | |a Club de lectores Andrés Bello | |
| 999 | |c 336990 |d 336988 | ||